Central Library OPAC University of Rajshahi

Pakistan insurance year book 1968 (Record no. 8159)

MARC details
000 -LEADER
fixed length control field 00990cas a2200289 4500
001 - CONTROL NUMBER
control field 8159
003 - CONTROL NUMBER IDENTIFIER
rucl marc code BD-RjUL
005 - DATE AND TIME OF LATEST TRANSACTION
control field 20211208234532.0
008 - FIXED-LENGTH DATA ELEMENTS--GENERAL INFORMATION
fixed length control field 180114s1969 pk ar r f0 a0eng
035 ## - SYSTEM CONTROL NUMBER
System control number (OCoLC)ocm01774051
-- (BD-RjUL)8204
040 ## - CATALOGING SOURCE
Original cataloging agency DLC
Language of cataloging eng
Transcribing agency MnMULS
Modifying agency NIC
-- DLC
-- NST
-- OCoLC
-- ICRL
-- OCoLC
-- UKMGB
-- ICRL
-- OCoLC
-- BD-RjUL)
041 ## - LANGUAGE CODE
Language code of text/sound track or separate title eng
082 0# - DEWEY DECIMAL CLASSIFICATION NUMBER
Classification number 368.95491
Author mark and year PAK
245 04 - TITLE STATEMENT
Title Pakistan insurance year book 1968
260 ## - PUBLICATION, DISTRIBUTION, ETC. (IMPRINT)
Place of publication, distribution, etc. Karachi,
Name of publisher, distributor, etc. Manager of Publications.
Date of publication, distribution, etc. 1969.
300 ## - PHYSICAL DESCRIPTION
Pagination v, 607 p. :
Illustrations ill., tables ;
Size 25 cm.
550 ## - ISSUING BODY NOTE
Issuing body note Vols. for 19<59-> issued by the Controller of Insurance.
650 #0 - SUBJECT ADDED ENTRY--TOPICAL TERM
Topical term or geographic name as entry element Insurance
Geographic subdivision Pakistan
Form subdivision Periodicals.
9 (RLIN) 25418
Topical term or geographic name as entry element Insurance
Geographic subdivision Pakistan
Form subdivision Directories.
9 (RLIN) 25419
710 1# - ADDED ENTRY--CORPORATE NAME
Corporate name or jurisdiction name as entry element Pakistan.
Subordinate unit Department of Insurance.
9 (RLIN) 25420
776 08 - ADDITIONAL PHYSICAL FORM ENTRY
Relationship information Online version:
Title Pakistan insurance year book
Record control number (OCoLC)564044044
936 ## - OCLC/CONSER MISCELLANEOUS DATA (OCLC); PIECE USED FOR CATALOGING (pre-AACR2) (RLIN)
OCLC control number(s) of parallel record(s) (OCLC); Piece used for cataloging, PUC (RLIN) Unknown
-- 1975
942 ## - ADDED ENTRY ELEMENTS (KOHA)
Source of classification or shelving scheme Dewey Decimal Classification
Koha item type Books
Holdings
Lost status Source of classification or shelving scheme Damaged status Not for loan Collection code Permanent Location Current Location Shelving location Date acquired Source of acquisition Cost, normal purchase price Total Checkouts Full call number Date last seen Copy number Koha item type
  Dewey Decimal Classification   Not For Loan Non-fiction Central Library, University of Rajshahi Central Library, University of Rajshahi   12/09/1987 Mirza Book Agency 14.00   368.95491 PAK 1969 18/01/2014 C-1 Books